America and the four Japans : (Record no. 13808)
[ view plain ]
| 000 -LEADER | |
|---|---|
| fixed length control field | 00439cam a2200157 a 4500 |
| 020 ## - INTERNATIONAL STANDARD BOOK NUMBER | |
| ISBN | 1880656108 (pbk.) : |
| 020 ## - INTERNATIONAL STANDARD BOOK NUMBER | |
| ISBN | 188065606X (bound) : |
| 040 ## - CATALOGING SOURCE | |
| Transcribing agency | DLC |
| 082 00 - DEWEY DECIMAL CLASSIFICATION NUMBER | |
| Classification number | 303 STO 1994 A010 Or. |
| 100 1# - MAIN ENTRY--AUTHOR NAME | |
| Personal name | Schodt, Frederik L., |
| 245 10 - TITLE STATEMENT | |
| Title | America and the four Japans : |
| Remainder of title | friend, foe, model, mirror / |
| 250 ## - EDITION STATEMENT | |
| Edition statement | 1st ed. |
| 260 ## - PUBLICATION, DISTRIBUTION, ETC. (IMPRINT) | |
| Place of publication | Berkekey, Calif. : |
| Name of publisher | Stone Bridge Press, |
| Year of publication | 1994. |
| 300 ## - PHYSICAL DESCRIPTION | |
| Number of Pages | 200 p. ; |
| Dimensions | 19 cm. |
| 942 ## - ADDED ENTRY ELEMENTS (KOHA) | |
| Koha item type | សៀវភៅភាសាអង់គ្លេស |
| 952 ## - LOCATION AND ITEM INFORMATION (KOHA) | |
| Withdrawn status [LOCAL, KOHA] | 0 |
| Permanent Location | Date acquired | Koha item type | Lost status | Shelving location | Barcode | Current Location | Full call number |
|---|---|---|---|---|---|---|---|
| Library Block A | 2017-08-31 | សៀវភៅភាសាអង់គ្លេស | A010 | a20374 | Library Block A | 303 STO 1994 A010 Or. |